000
00310nam a2200109 4500
999
_c
13725
_d
13725
008
190403b ||||| |||| 00| 0 eng d
245
_a
Conflicting internet ownership rules.
260
_a
Philippines:
_b
Philippine Daily Inquirer;
_c
c2018.
300
_a
page B3.
650
0
_9
38156
_a
Internet.
942
_2
ddc
_c
PER